| 000 | 00418nam a22001337a 4500 | ||
|---|---|---|---|
| 020 | _a0-13-481408-8 | ||
| 082 | _a621.3 YEA'I | ||
| 100 |
_aGOURLEY, R.,YEAGER, D. A _978383 |
||
| 245 | _aINTRODUCTION TO ELECTRON AND ELECTROMECHANICAL DEVICES | ||
| 260 |
_aNEWJERSCY _bPRENTICE HALL _c1976 |
||
| 300 | _a301P | ||
| 650 |
_aELECTRIC APPARATUS AND APPLICATIONS ELECTRONIC APPARATUS AND APPLICATIONS _978384 |
||
| 942 | _cBK | ||
| 999 |
_c583513 _d583513 |
||